| 000 | 00996cam a22002891 4500 | ||
|---|---|---|---|
| 001 | 10285420 | ||
| 003 | ARRUPE | ||
| 005 | 20160919111441.0 | ||
| 008 | 720629s1958 ilu 000 0 eng | ||
| 010 | _a 58007312 | ||
| 015 | _aGB58-15284 | ||
| 020 | _a0810101181 | ||
| 035 | _a(OCoLC)345654 | ||
| 040 |
_aDLC _cODaWU _dOCoLC _dPU _dNBrockU _dUk _dDLC |
||
| 042 | _apremarc | ||
| 050 | 0 | 0 | _aGR360.D3H4 |
| 082 | _a398.2 | ||
| 100 | 1 |
_aHerskovits, Melville J. _q(Melville Jean), _d1895-1963. _925832 |
|
| 245 | 1 | 0 |
_aDahomean narrative; _ba cross-cultural analysis, _cby Melville J. and Frances S. Herskovits. |
| 260 |
_aEvanston [Ill.] _bNorthwestern University Press _c[1958] |
||
| 300 |
_axvi, 490 p.; _c24 cm. |
||
| 410 | 2 | 0 |
_aNorthwestern University (Evanston, Ill.) _tAfrican studies, _vno. 1 |
| 650 | 0 |
_aTales, Da homan _925901 |
|
| 700 | 1 |
_aHerskovits, Frances Shapiro, _d1897- _ejoint author. _925902 |
|
| 906 |
_a7 _bcbc _coclcrpl _du _encip _f19 _gy-gencatlg |
||
| 942 |
_2lcc _cMONOGRAPH |
||
| 999 |
_c125268 _d125268 |
||